| 000 | 00493 a2200157 4500 | ||
|---|---|---|---|
| 999 |
_c1759 _d1759 |
||
| 020 | _a9780727741516 | ||
| 050 | _aHD 9715 NAO 2011 | ||
| 100 |
_aNaoum, Shamil _eeditor |
||
| 245 |
_aPeople and Organizational Management in Construction _cShamil Naoum |
||
| 250 | _a2nd ed. | ||
| 264 |
_aLondon _bICE Publishing _c2011 |
||
| 300 |
_a301p. : _bill. |
||
| 500 | _aIncludes index | ||
| 650 |
_aConstruction industry -- Management _xOrganizational behavior |
||
| 942 |
_2lcc _cBK _e2nd ed. _h9715 _iNAO _kHD |
||